| 000 | 01059nam a22002537a 4500 | ||
|---|---|---|---|
| 003 | OSt | ||
| 005 | 20250911175059.0 | ||
| 008 | 240208b ||||| |||| 00| 0 eng d | ||
| 040 | _c0 | ||
| 082 | _aDPer 621.381 In821 April 2022 v. 37 n. 4 | ||
| 100 |
_aMou, Di. _eauthor. _951897 |
||
| 245 |
_aA periodic-steady-state analysis model in time domain for dual active bridge converter / _cDi Mou, Quanming Luo, Yuqi Wei, Jia Li, Nie Hou, Teng Long, and Yunwei Li. |
||
| 260 |
_aNew York ; _bThe Institute of Electrical and Electronics Engineers, Inc. , _cApril 2022. |
||
| 300 |
_aVolume 37, pages 4121-4132 : _billustration ; _c28 cm. |
||
| 500 | _aIEEE Transaction on Power Electronics, vol. 37, no. 4, pages 4121-4132, April 2022. | ||
| 700 |
_aMou, Di. _eauthor. _951897 |
||
| 700 |
_aLuo, Quanming. _eauthor. _951898 |
||
| 700 |
_aWei, Yuqi. _eauthor.Jia Li, _951899 |
||
| 700 |
_aLi, Jia. _eauthor. _951900 |
||
| 700 |
_aHou, Nie. _eauthor. _951901 |
||
| 700 |
_aLong, Teng. _eauthor. _951902 |
||
| 700 |
_aLi, Yunwei. _eauthor. _951903 |
||
| 942 |
_2ddc _cPER |
||
| 999 |
_c19009 _d19009 |
||